书目信息 |
| 题名: |
法拉利传奇
|
|
| 作者: | 奥佩曼 著 ;王宇芳 译 | |
| 分册: | ||
| 出版信息: | 北京 中国人民大学出版社 2006 |
|
| 页数: | 242页 | |
| 开本: | 23cm | |
| 丛书名: | 湛庐“商业智慧” | |
| 单 册: | ||
| 中图分类: | G872.165.46 | |
| 科图分类: | ||
| 主题词: | 赛车 , 体育运动 , 赛车--体育运动--俱乐部--意大利--史料 , 俱乐部 | |
| 电子资源: | ||
| ISBN: | 7-300-07590-8 | |
| 000 | 01322nam0 2200349 450 | |
| 000 | 01329nam0 2200349 450 | |
| 000 | 01255nam0 2200325 450 | |
| 000 | 01219nam0 2200313 45 | |
| 005 | 20070606182932.53 | |
| 010 | @a7-300-07590-8@dCNY39.80 | |
| 100 | @a20070519d2006 em y0chiy0120 ea | |
| 101 | 1 | @achi@cger |
| 102 | @aCN@b110000 | |
| 105 | @aa z 000yy | |
| 200 | 1 | @a法拉利传奇@AFa La Li Chuan Qi@dFerrari das schnellste Unternehmen der Welt@f(德)克里斯蒂娜·奥佩曼著@F( De ) Ke Li Si Di Na· Ao Pei Man Zhu@g王宇芳译@zeng |
| 210 | @a北京@c中国人民大学出版社@d2006 | |
| 215 | @a242页@c图@d23cm | |
| 225 | 2 | @a湛庐“商业智慧”@v7 |
| 305 | @aCampus Verlag Gmbh, Frankfurt/Main通过安德鲁·纳伯格联合有限公司授权出版 | |
| 330 | @a本书介绍了法拉利公司艰难的起步和错综复杂的内部事务,收入了从车手、机械师到企业家的漫漫之路和令人神往的成功历史。 | |
| 410 | 0 | @12001 @a湛庐“商业智慧” |
| 510 | 1 | @aFerrari das schnellste Unternehmen der Welt@zeng |
| 606 | 0 | @a赛车 |
| 606 | 0 | @a体育运动 |
| 606 | 0 | @a赛车@x体育运动@x俱乐部@x意大利@x史料 |
| 606 | 0 | @a俱乐部 |
| 610 | @a法拉利车队 | |
| 690 | @aG872.165.46@v4 | |
| 701 | 1 | @c(德)@a奥佩曼@AAo Pei Man@c(女,@gOppermann, Christiane)@4著 |
| 702 | 0 | @a王宇芳@AWang Yu Fang@4译 |
| 801 | 0 | @aCN@bTAOJIN@c20070606 |
| 905 | @a10447@dG872.165.46@e67 | |
| 法拉利传奇=Ferrari das schnellste Unternehmen der Welt/(德)克里斯蒂娜·奥佩曼著/王宇芳译.-北京:中国人民大学出版社,2006 |
| 242页:图;23cm.-(湛庐“商业智慧”;7) |
| ISBN 7-300-07590-8:CNY39.80 |
| 本书介绍了法拉利公司艰难的起步和错综复杂的内部事务,收入了从车手、机械师到企业家的漫漫之路和令人神往的成功历史。 |
| ● |
| 相关链接 |
|
|
|
|
正题名:法拉利传奇
索取号:G872.165.46/67
 
预约/预借
| 序号 | 登录号 | 条形码 | 馆藏地/架位号 | 状态 | 备注 |
| 1 | 0526945 | 205269458 | 第一样本阅览室/ [索取号:G872.165.46/67] | 在馆 | |
| 2 | 0526946 | 205269467 | 第四借阅区/ [索取号:G872.165.46/67] | 在馆 | |
| 3 | 0526947 | 205269476 | 第四借阅区/ [索取号:G872.165.46/67] | 在馆 | |
| 4 | 0526948 | 205269485 | 第四借阅区/ [索取号:G872.165.46/67] | 在馆 | |
| 5 | 0526949 | 205269494 | 第四借阅区/ [索取号:G872.165.46/67] | 在馆 | |
| 6 | 0526950 | 205269500 | 第四借阅区/ [索取号:G872.165.46/67] | 在馆 | |
| 7 | 0526951 | 205269519 | 第四借阅区/ [索取号:G872.165.46/67] | 在馆 | |
| 8 | 0526952 | 205269528 | 第四借阅区/ [索取号:G872.165.46/67] | 在馆 | |
| 9 | 0526953 | 205269537 | 第四借阅区/ [索取号:G872.165.46/67] | 在馆 | |
| 10 | 0526954 | 205269546 | 第四借阅区/ [索取号:G872.165.46/67] | 在馆 | |
| 11 | 0526955 | 205269555 | 第四借阅区/ [索取号:G872.165.46/67] | 在馆 | |
| 12 | 0526956 | 205269564 | 第四借阅区/ [索取号:G872.165.46/67] | 在馆 | |
| 13 | 0526957 | 205269573 | 第四借阅区/ [索取号:G872.165.46/67] | 在馆 | |
| 14 | 0526958 | 205269582 | 第四借阅区/ [索取号:G872.165.46/67] | 在馆 | |
| 15 | 0526959 | 205269591 | 第四借阅区/ [索取号:G872.165.46/67] | 在馆 | |
| 16 | 0526960 | 205269608 | 第四借阅区/ [索取号:G872.165.46/67] | 在馆 | |
| 17 | 0526961 | 205269617 | 第四借阅区/ [索取号:G872.165.46/67] | 在馆 | |
| 18 | 0526962 | 205269626 | 第四借阅区/ [索取号:G872.165.46/67] | 在馆 |